000 00862cam a22002653a 4500
001 1004
003 PGUSA
005 20140828082955.0
008 970801s1997||||xxu|||||s|||||000 p eng d
040 _aPGUSA
_beng
042 _adc
050 4 _aPQ
100 1 _aDante Alighieri,
_d1265-1321
245 1 0 _aDivine Comedy, Longfellow's Translation, Complete
_h[electronic resource] /
_cDante Alighieri
260 _bProject Gutenberg,
_c1997
500 _aSee also PG#1008 tr. by H. F. Cary
506 _aPublic domain in the USA.
516 _aElectronic text
653 _aEpic poetry, Italian -- Translations into English
653 _aItalian poetry -- To 1400 -- Translations into English
700 1 _aLongfellow, Henry Wadsworth,
_d1807-1882
830 0 _aProject Gutenberg
_v1004
856 4 0 _uhttp://www.gutenberg.org/ebooks/1004
942 _cEB
999 _c230355
_d230355